|
|
|
|
| LEADER |
01787nam a22004333i 4500 |
| 001 |
EBC7244916 |
| 003 |
MiAaPQ |
| 005 |
20231204023228.0 |
| 006 |
m o d | |
| 007 |
cr cnu|||||||| |
| 008 |
231204s2021 xx o ||||0 eng d |
| 020 |
|
|
|a 9781000370485
|q (electronic bk.)
|
| 020 |
|
|
|z 9780367419950
|
| 035 |
|
|
|a (MiAaPQ)EBC7244916
|
| 035 |
|
|
|a (Au-PeEL)EBL7244916
|
| 035 |
|
|
|a (OCoLC)1378933555
|
| 040 |
|
|
|a MiAaPQ
|b eng
|e rda
|e pn
|c MiAaPQ
|d MiAaPQ
|
| 082 |
0 |
|
|a 302.23086912
|
| 100 |
1 |
|
|a Cinalli, Manlio.
|
| 245 |
1 |
0 |
|a Solidarity in the Media and Public Contention over Refugees in Europe.
|
| 250 |
|
|
|a 1st ed.
|
| 264 |
|
1 |
|a Milton :
|b Taylor & Francis Group,
|c 2021.
|
| 264 |
|
4 |
|c ©2021.
|
| 300 |
|
|
|a 1 online resource (221 pages)
|
| 336 |
|
|
|a text
|b txt
|2 rdacontent
|
| 337 |
|
|
|a computer
|b c
|2 rdamedia
|
| 338 |
|
|
|a online resource
|b cr
|2 rdacarrier
|
| 490 |
1 |
|
|a Routledge Studies in Media, Communication, and Politics Series
|
| 588 |
|
|
|a Description based on publisher supplied metadata and other sources.
|
| 590 |
|
|
|a Electronic reproduction. Ann Arbor, Michigan : ProQuest Ebook Central, 2023. Available via World Wide Web. Access may be limited to ProQuest Ebook Central affiliated libraries.
|
| 655 |
|
4 |
|a Electronic books.
|
| 700 |
1 |
|
|a Trenz, Hans Jörg.
|
| 700 |
1 |
|
|a Brändle, Verena.
|
| 700 |
1 |
|
|a Eisele, Olga.
|
| 700 |
1 |
|
|a Lahusen, Christian.
|
| 776 |
0 |
8 |
|i Print version:
|a Cinalli, Manlio
|t Solidarity in the Media and Public Contention over Refugees in Europe
|d Milton : Taylor & Francis Group,c2021
|z 9780367419950
|
| 797 |
2 |
|
|a ProQuest (Firm)
|
| 830 |
|
0 |
|a Routledge Studies in Media, Communication, and Politics Series
|
| 856 |
4 |
0 |
|u https://ebookcentral.proquest.com/lib/matrademy/detail.action?docID=7244916
|z Click to View
|